Every WCA event - Statistics

General Stats
  • This quiz has been taken 43 times
    31 since last reset
  • The average score is 10 of 17
Answer Stats
Answer % Correct
2x2x2 Cube
94%
3x3x3 Cube
94%
4x4x4 Cube
94%
5x5x5 Cube
94%
6x6x6 Cube
94%
7x7x7 Cube
94%
Megaminx
67%
Pyraminx
61%
3x3x3 Blindfolded
56%
4x4x4 Blindfolded
50%
Skewb
50%
5x5x5 Blindfolded
44%
Square-1
39%
Rubik's Clock
33%
3x3x3 One-Handed
28%
3x3x3 Fewest Moves
22%
3x3x3 Multi-Blind
17%
No matching quizzes found
Score Distribution
Percent of People with Each Score
Percentile by Number Answered
Your Score History
You have not taken this quiz since the last reset